Empirické skúmanie determinantov miery zadlženosti podnikateľských subjektov

Faktory, ktoré majú vplyv na finančné rozhodovanie a kapitálovú štruktúru podnikov sú predmetom mnohých empirických štúdií. Najčastejšie sa používa metóda lineárnej viacnásobnej regresnej analýzy aplikovaná na určitú vzorku podnikov. Najviac preskúmané sú podnikové faktory, pretože analýza faktorov...

Descrizione completa

Salvato in:
Dettagli Bibliografici
Autore principale: Mikócziová, Jana
Natura: Capitolo di libro
Lingua:slovacco
Soggetti:
Tags: Aggiungi Tag
Nessun Tag, puoi essere il primo ad aggiungerne!!

MARC

LEADER 00000nla$a2200000$$$4500
001 0094318
005 20240502083239.4
041 0 |a slo 
044 |a CZ 
245 1 0 |a Empirické skúmanie determinantov miery zadlženosti podnikateľských subjektov  |c Jana Mikócziová 
520 |a Faktory, ktoré majú vplyv na finančné rozhodovanie a kapitálovú štruktúru podnikov sú predmetom mnohých empirických štúdií. Najčastejšie sa používa metóda lineárnej viacnásobnej regresnej analýzy aplikovaná na určitú vzorku podnikov. Najviac preskúmané sú podnikové faktory, pretože analýza faktorov na úrovni krajiny je obmedzená absenciou údajov porovnateľných medzi rôznymi krajinami. Vysvetlenie podstaty empirických modelov skúmania závislosti miery zadlženosti podniku od vybraných faktorov. Hypotéza o smere vplyvu najdôležitejších faktorov na mieru zadlženosti a zhrnutie empirických zistení. 
610 2 0 |a financie 
610 2 0 |a rozhodovanie finančné 
610 2 0 |a zadlženosť 
610 2 0 |a štruktúra kapitálová 
610 2 0 |a analýzy 
610 2 0 |a modely 
100 1 |a Mikócziová, Jana